El Diagnóstico sobre el estado y las perspectivas de la investigación económica y social en América Latina en áreas de interés para el programa ECIEL

שמור ב:
מידע ביבליוגרפי
מחבר תאגידי: ECIEL
פורמט: Texto
יצא לאור: Rio de Janeiro: ECIEL
תגים: הוספת תג
אין תגיות, היה/י הראשונ/ה לתייג את הרשומה!

MARC

LEADER 00000 a a2200000 04500
001 22382
003
040
090 |a 152501  
110 |a ECIEL  
245 |a El Diagnóstico sobre el estado y las perspectivas de la investigación económica y social en América Latina en áreas de interés para el programa ECIEL  
260 |a Rio de Janeiro:   |b ECIEL  
300 |a 163 p.   |b **no definido**  
999 |c 13736  |d 13736